|
|
|
|
| LEADER |
03396njm a2200637 a 4500 |
| 001 |
000891227 |
| 003 |
CZ BrMZK |
| 005 |
20220826132305.0 |
| 007 |
sd fsngnnmmned |
| 008 |
080331s2005 xr mun g f cze d |
| 028 |
2 |
1 |
|a CR 0311-2-631
|b Radioservis
|
| 040 |
|
|
|a BOA001
|b cze
|
| 041 |
0 |
|
|g cze
|g eng
|
| 047 |
|
|
|a op
|a sg
|
| 072 |
|
7 |
|a 784
|x Vokální hudba
|2 Konspekt
|9 9
|
| 080 |
|
|
|a 784.2
|2 MRF
|
| 080 |
|
|
|a 784.3/.7:784.9
|2 MRF
|
| 080 |
|
|
|a (086.76
|2 MRF
|
| 100 |
1 |
|
|a Krásová, Marta,
|d 1901-1970
|7 jn19990209418
|4 sng
|
| 245 |
1 |
0 |
|a Operatic recital
|h [zvukový záznam]
|
| 246 |
3 |
|
|a Operní recitál Marty Krásové
|
| 260 |
|
|
|a Praha :
|b Radioservis ,
|c p2005
|
| 300 |
|
|
|a 1 zvuková deska (68:25) :
|b digital, mono ;
|c 12 cm +
|e 1 brožura (10 s.)
|
| 306 |
|
|
|a 010825
|
| 500 |
|
|
|a Kompaktní deska (AAD)
|
| 500 |
|
|
|a Text v brožuře česky a anglicky
|
| 505 |
0 |
|
|a Orfeus a Euridika. Orfeus / Christoph Wilibald Gluck -- Tajemství. Panna Róza / Bedřich Smetana -- Sapho / Charles Gounod -- V studni. Veruna / Vilém blodek -- Orfeus. Orfeus / Claudio Monteverdi -- Piková dáma. Hraběnka / Pjotr Iljič Čajkovskij -- Trubadúr. Azucena / Giuseppe Verdi -- Samson a Dalila. Dalila / Camile Saint-Saëns --Kníže Igor. Kočakovna / Alexandr Portfijevič Borodin -- Nevěsta mesinská. Tercetto ze 3. dějství / Zdeněk Fibich -- Severní noci, op. 14 : cyklus písní / Jaroslav Křička ; na slova Konstantina Balmonta
|
| 511 |
0 |
|
|a Marta Krásová, alt ; Přemysl Kočí, baryton ; Ivo Žídek, tenor ; Pražský rozhlasový orchestr ; Pražský komorní orchestr, dirigent František Dyk
|
| 518 |
|
|
|a Nahráno ve studiích Československého rozhlasu v Praze v letech 1951 (1), 1952 (10), 1953 (2, 9, 4,), 1954 (11-14), 1955 (3, 8), 1959 (5, 7), 1961 (6)
|
| 650 |
0 |
7 |
|a operní árie
|7 ph291740
|2 czenas
|
| 650 |
0 |
4 |
|a písně (zpěv, symfonický orchestr)
|
| 655 |
|
7 |
|a kompaktní desky
|7 fd201991
|2 czenas
|
| 740 |
0 |
2 |
|a Albatros
|
| 740 |
0 |
2 |
|a Labuť
|
| 740 |
0 |
2 |
|a Ukolébavka
|
| 740 |
0 |
2 |
|a U skandinávských skal
|
| 700 |
1 |
|
|a Kočí, Přemysl,
|d 1917-2003
|7 jk01061014
|4 sng
|
| 700 |
1 |
|
|a Žídek, Ivo,
|d 1926-2003
|7 jn19981002503
|4 sng
|
| 700 |
1 |
|
|a Dyk, František,
|d 1902-1974
|7 jn20000400600
|4 cnd
|
| 700 |
1 |
2 |
|a Gluck, Christoph Willibald,
|d 1714-1787.
|t Orfeus a Eurydika.
|p Orfeus
|
| 700 |
1 |
2 |
|a Smetana, Bedřich,
|d 1824-1884.
|t Tajemství.
|p Panna Róza
|
| 700 |
1 |
2 |
|a Gounod, Charles,
|d 1818-1893.
|t Sapho .
|p Sapho
|
| 700 |
1 |
2 |
|a Blodek, Vilém,
|d 1834-1874.
|t V studni.
|p Aj, zlý to čas
|7 aun2013759130
|
| 700 |
1 |
2 |
|a Monteverdi, Claudio,
|d 1567-1643.
|t Orfeo.
|p Orfeus
|
| 700 |
1 |
2 |
|a Čajkovskij, Petr Il‘jič,
|d 1840-1893.
|t Pikovaja dama.
|p Hraběnka
|
| 700 |
1 |
2 |
|a Verdi, Giuseppe,
|d 1813-1901.
|t Trovatore.
|p Azucena
|
| 700 |
1 |
2 |
|a Saint-Saëns, Camille,
|d 1835-1921.
|t Samson et Dalila.
|p Dalila
|
| 700 |
1 |
2 |
|a Borodin, Aleksandr Porfir‘jevič,
|d 1833-1887.
|t Knjaz‘ Igor‘.
|p Končakovna
|
| 700 |
1 |
2 |
|a Fibich, Zdeněk,
|d 1850-1900.
|t Nevěsta mesinská.
|p Tercetto ze 3. dějství
|
| 700 |
1 |
2 |
|a Křička, Jaroslav,
|d 1882-1969.
|t Severní noci,
|n op. 14
|
| 710 |
2 |
|
|a Pražský rozhlasový orchestr
|7 ko2003174538
|
| 710 |
2 |
|
|a Pražský komorní orchestr
|7 kn20010710282
|
| 910 |
|
|
|a BOA001
|b CD-0014.410
|
| 990 |
|
|
|a AV
|
| 991 |
|
|
|b 200804
|
| 996 |
6 |
|
|b 261H015945
|c CD-0014.410
|l MZK
|r Sklad / do 24 hodin
|n 0
|w 000891227
|u 000010
|a 1
|e BOA001
|j MZK50
|s P
|